000 00820nam a2200253Ia 4500
003 OSt
005 20220927105601.0
006 a|||||r|||| 00| 0
007 ta
008 220926b |||||||| |||| 00| 0 eng d
024 _a190741
037 _cReference Collections
040 _aRTL
_cRTL
_beng
041 _2eng
_aeng
082 _a"X9(D2).2.N87<- N79s, N0"
110 _aCENTRAL POLLUTION CONTROL BOARD (Delhi)
_9373565
245 0 _aWater quality statistics of India 1979-1987
260 _aDelhi
_bC P C B
_c1990
300 _a184p
_ccm.
490 _aIndian National Aquatic Resource Minars/31989-90 (ENVIS- 1)
700 _aCENTRAL POLLUTION CONTROL BOARD (Delhi)
_9373566
942 _h"X9(D2).2.N87<- N79s, N0"
_cCC
999 _c693291
_d693291